Normal view
MARC view
- Sohail, Zulekha
Entry Personal Name
001 - CONTROL NUMBER
- control field: 122314
003 - CONTROL NUMBER IDENTIFIER
- control field: NUST
005 - DATE AND TIME OF LATEST TRANSACTION
- control field: 20240415155234.0
008 - FIXED-LENGTH DATA ELEMENTS
- fixed length control field: 240415|| aca||aabn | a|a d
040 ## - CATALOGING SOURCE
- Original cataloging agency: NUST
- Transcribing agency: NUST
100 ## - HEADING--PERSONAL NAME
- Personal name: Sohail, Zulekha
670 ## - SOURCE DATA FOUND
- Source citation: Work cat.: (NUST): Sohail, Zulekha , Effect of Hygrothermal Aging on Strength Performance of Cork Powder Reinforced Adhesive /
